| 000 | 02322cam a2200325 i 4500 | ||
|---|---|---|---|
| 001 | 8123200 | ||
| 005 | 20250826113728.0 | ||
| 008 | 150312s2015 sp 000 f cat | ||
| 010 | _a 2015420299 | ||
| 020 | _a9788497082761 | ||
| 035 | _a(OCoLC)ocn911241103 | ||
| 035 | _a(CaBVaU)8123200 | ||
| 040 |
_aDLC _beng _cDLC _erda _dCGU _dIUL _dOCLCO _dWAU _dOCLCO _dOCLCF _dOCLCO _dUBC _dUtOrBLW |
||
| 041 | _aCatalà | ||
| 042 | _apcc | ||
| 050 | 0 | 0 |
_aPC3942.12.O776 _bA44 2015 |
| 100 |
_aBosch, Xavier, _d1967- _eauthor. |
||
| 245 | 1 | 0 |
_aAlgú com tu _c/ Xavier Bosch. |
| 250 | _aFirst edition | ||
| 264 | 1 |
_aBarcelona : _bPlaneta, _c2015. |
|
| 300 |
_a348 pages ; _c24 cm |
||
| 490 | 1 | _aRamon Llull narrativa | |
| 520 | _a«Van resseguir la rue de Seine gairebé sense veure el carrer, pendents com estaven l'un de l'altre. El JeanPierre, cicerone amb ganes d'agradar, explicava curiositats del barri que ella escoltava en silenci. Allà on la vorera es feia més estreta, va semblar-li que, sense voler, es fregaven les mans. Pell amb pell. I va tenir una esgarrifança. Van trencar per la rue de Buci, atapeïda de turistes asseguts a les terrasses amb ombra, i de seguida van ser al boulevard Saint-Germain». El Jean-Pierre Zanardi, galerista a la Rive Gauche, és un esperit lliure. La Paulina Homs, de vida tranquil·la i familiar a Barcelona, arriba a París per al casament de la seva cosina. | ||
| 520 | _a“They walked along the rue de Seine almost without noticing the street, so absorbed were they in one another. Jean-Pierre, eager to please as a cicerone, pointed out curiosities of the neighbourhood, which she listened to in silence. Where the pavement narrowed, it seemed to her that, without meaning to, their hands brushed. Skin against skin. And she shivered. They turned into the rue de Buci, crowded with tourists sitting in the shaded terraces, and soon found themselves on the boulevard Saint-Germain.” Jean-Pierre Zanardi, a gallery owner on the Rive Gauche, is a free spirit. Paulina Homs, who leads a quiet family life in Barcelona, arrives in Paris for her cousin’s wedding. | ||
| 650 | 0 |
_aMan-woman relationships _vFiction. _911134 |
|
| 650 | 0 |
_aMothers and daughters _vFiction. |
|
| 650 | 0 |
_aFamily secrets _vFiction _923679 |
|
| 830 | 0 |
_aRamon Llull. _pNarrativa. |
|
| 942 | _2lcc | ||
| 999 |
_c4864 _d4864 |
||